Estatísticas para Países da Asia Oriental em um mapa

Clique aqui para jogar o quiz

Estatísticas Gerais

  • Esse quiz foi jogado 118 vezes
  • A pontuação média é 15 de 17

Respostas no mapa

Respostas codificadas por cores de uma escala verde-vermelha no mapa do quiz de acordo com a % correta abaixo.
 

Estatísticas das Respostas

País% Correto
Coreia do Norte
100%
Coreia do Sul
100%
Japão
100%
China
99%
Mongolia
95%
Indonesia
94%
Taiwan
94%
Tailandia
91%
Vietnã
88%
Filipinas
87%
Laos
82%
Camboja
81%
Brunei
78%
Malasia
77%
Myanmar
77%
Timor-Leste
75%
Singapura
73%

Distribuição das Pontuações

Percentil de Números Respondidos

Porcentagem de Pessoas com Cada Pontuação

Sua Pontuação Histórica

Você não jogou esse quiz